| 000 | 02094cam a22004697i 4500 | ||
|---|---|---|---|
| 999 |
_c3510 _d3510 |
||
| 001 | 19791894 | ||
| 003 | OSt | ||
| 005 | 20240205114807.0 | ||
| 008 | 170718t20182017nyua c b 001 0 eng d | ||
| 010 | _a 2017949412 | ||
| 020 |
_a9781438050409 _q(hbk.) |
||
| 035 | _a(OCoLC)on1029816423 | ||
| 040 |
_aCGP _beng _cCGP _erda _dOCLCO _dNYP _dOCLCF _dQQ3 _dYDX _dBTCTA _dILCBP _dUAP _dEHH _dDLC _dKH8 |
||
| 042 | _alccopycat | ||
| 082 | 0 | 4 |
_a629.8 GIF _223 |
| 100 | 1 |
_aGifford, Clive, _eauthor. |
|
| 245 | 1 | 2 |
_aA robot world / _cClive Gifford. |
| 250 | _aFirst edition for North America. | ||
| 264 | 1 |
_aHauppauge, New York : _bBarron's, _c2018. |
|
| 264 | 4 | _c©2017 | |
| 300 |
_a64 pages : _billustrations (chiefly color) ; _c30 cm |
||
| 336 |
_atext _btxt _2rdacontent |
||
| 336 |
_astill image _bsti _2rdacontent |
||
| 337 |
_aunmediated _bn _2rdamedia |
||
| 338 |
_avolume _bnc _2rdacarrier |
||
| 500 | _aOriginally published: London : Franklin Watts, 2017. | ||
| 500 | _a"Discover amazing robots and thier robotic powers"--Cover. | ||
| 504 | _aIncludes bibliographical references (page 63) and index. | ||
| 520 | _aIn today's wired world, robots are everywhere, from movies, in space, as part of computer games--maybe even walking among us. This is a look at their rise: how they've developed over time, from early sketches to terrifying battlebots and factory operatives, to the latest AIs running free from their workshops. Presented chronologically, this robot history explores landmark robots that have captured the imagination, including creations from popular culture. | ||
| 521 | 8 | _aAges 9+. | |
| 650 | 0 |
_aRobots _xDesign and construction _vJuvenile literature. |
|
| 650 | 0 |
_aRobots _vJuvenile literature. |
|
| 650 | 0 |
_aRobotics _vJuvenile literature. |
|
| 650 | 1 | _aRobots. | |
| 650 | 1 | _aRobotics. | |
| 650 | 7 |
_aRobotics. _2fast _0(OCoLC)fst01098997 |
|
| 650 | 7 |
_aRobots. _2fast _0(OCoLC)fst01099038 |
|
| 650 | 7 |
_aRobots _xDesign and construction. _2fast _0(OCoLC)fst01099054 |
|
| 655 | 4 | _aNonfiction. | |
| 655 | 7 |
_aJuvenile works. _2fast _0(OCoLC)fst01411637 |
|
| 942 |
_2ddc _cNFIC |
||